Score 0/20 Timer 07:00
0 Plays Today
% Correct
Arizona Historical Foundation (Arizona State University)
66.7%
University of Maine (Fogler Library)
61.9%
University of Kansas
57.1%
Duke University (John W. Hartman Center for Sales, Advertising, and Marketing History, Rubenstein Library)
47.6%
University of Chicago Special Collections Research Center
42.9%
Rutgers University
42.9%
U.S. National Archives
38.1%
Wisconsin Historical Society
38.1%
New York Public Library Special Collections
33.3%
Yale University (Beinecke Rare Book and Manuscript Library)
28.6%
% Correct
Clark University Archives and Special Collections
28.6%
University of California at Los Angeles (Charles E. Young Research Library Department of Special Collections)
23.8%
Emory University Manuscript, Archives, and Rare Book Library
23.8%
Library of Congress Manuscript Division
19%
Harvard University (Baker Library Historical Collections)
19%
John F. Kennedy Presidential Library and Museum
19%
Hoover Institution Library and Archives at Stanford University
19%
Tufts University Library
19%
University of Texas at Austin (Harry Ransom Center)
14.3%
University of Virginia (Albert and Shirley Small Special Collections Library)
14.3%

You're not logged in!

Compare scores with friends on all Sporcle quizzes.
OR
Log In

Sporcle TV

Today on Sporcle TV


Watch our educational content, quiz creation guides, and fun videos on Sporcle TV.

Show Comments

Extras

Top Quizzes Today


Score Distribution

Paid Content

Your Account Isn't Verified!

In order to create a playlist on Sporcle, you need to verify the email address you used during registration. Go to your Sporcle Settings to finish the process.

Report this User

Report this user for behavior that violates our Community Guidelines.

Details: